| 000 | 01260nam a22003737a 4500 | ||
|---|---|---|---|
| 003 | CHAP | ||
| 005 | 20220329143909.0 | ||
| 008 | 120627s2010 mx r 00010 spa d | ||
| 010 | _a103452 | ||
| 011 | _a104424 | ||
| 020 | _a9786074901009 | ||
| 035 | _a115114 | ||
| 040 | _cCHAP | ||
| 082 | 0 | 4 |
_a868 _bR94 2011 |
| 100 | 1 |
_aRuiz Pérez, Ignacio. _9100756 |
|
| 245 | 1 | 3 |
_aNostalgia de la unidad natural : _bla poesía de Jose Carlos Becerra _c/por Ignacio Ruíz-Pérez |
| 250 | _a2 ed. | ||
| 260 |
_aToluca, Edo. de Mex. : _bInstituto Mexiquense de Cultura, _c2011 |
||
| 300 | _a161 p. | ||
| 490 | 0 | _aBiblioteca Mexiquense del Bicentenario | |
| 490 | 0 | _aRaiz del hombre | |
| 590 |
_aBATCH-UPD _b10 _c20130110 _lUCH01 _h1511 |
||
| 590 |
_aBATCH-UPD _b10 _c20130410 _lUCH01 _h0928 |
||
| 590 |
_aBATCH-UPD _b10 _c20130914 _lUCH01 _h0555 |
||
| 590 |
_aCONVERSION _b10 _c20130109 _lUCH01 _h1357 |
||
| 600 | 1 | 4 |
_aBecerra, José Carlos _xCrítica e interpretación. _911154 |
| 650 | 1 | 4 |
_aLiteratura mexicana. _967138 |
| 650 | 1 | 4 |
_aNovela. _982011 |
| 830 | 0 |
_aBiblioteca Mexiquense del Bicentenario _912411 |
|
| 830 | 0 |
_aRaiz del hombre _993768 |
|
| 901 | _aBK | ||
| 942 | _cLIBRO | ||
| 949 |
_a868 R94 2011 _bBC _cLIBRO _d33724002322611 _eLIBRO _h117198 _i115114 _sb |
||
| 999 |
_c103452 _d103452 |
||